Primőrtermesztés korszerűbben Két szegedi téesz is csatlakozott a KZR-hez

Elmentve itt :
Bibliográfiai részletek
Dokumentumtípus: Cikk
Megjelent: 1979-01-04
Sorozat:Délmagyarország 69 No. 2
Kulcsszavak:kertészet
Online Access:http://dmarchiv.bibl.u-szeged.hu/107952
LEADER 00447nab a2200145 i 4500
001 delm107952
005 20190527083822.0
008 190527s1979 hu o 0|| hun d
040 |a SZTE Délmagyarország Archívum  |b hun 
041 |a hun 
245 0 0 |a Primőrtermesztés korszerűbben   |h [elektronikus dokumentum] :  |b Két szegedi téesz is csatlakozott a KZR-hez 
260 |c 1979-01-04 
300 |a 1 
490 0 |a Délmagyarország  |v 69 No. 2 
695 |a kertészet